Kúpele Nimnica, a. s. výročná správa spoločnosti za rok 2001

Gespeichert in:
Bibliographische Detailangaben
Format: Buch
Sprache:Slowakisch
Englisch
Veröffentlicht: Nimnica Kúpele Nimnica, a. s. [2002]
Schlagworte:
Tags: Tag hinzufügen
Keine Tags, Fügen Sie das erste Tag hinzu!

MARC

LEADER 00000nam$a2200000$$$4500
001 0014250
005 20240108123812.5
041 0 |a slo 
041 0 |a eng 
044 |a SK 
245 1 0 |a Kúpele Nimnica, a. s.  |b výročná správa spoločnosti za rok 2001 
264 1 |a Nimnica  |b Kúpele Nimnica, a. s.  |c [2002] 
300 |a [30] s. 
610 2 0 |a kúpele 
610 2 0 |a kúpeľníctvo 
610 2 0 |a zdravotníctvo